000 01323nam a2200229Ia 4500
999 _c41450
_d41450
001 8114
003 GE_BSU
005 20221229120456.0
008 181216s2009||||ge |||||||||||||| ||geo||
020 _a9789941125201
040 _cGE_BSU
041 _ageo
080 _a338.22(100)+005.511(075.8) ქ–16
100 _aქათამაძე, დავით
_92027
245 _aსაერთაშორისო ბიზნესის მენეჯმენტის საფუძვლები :
_b[სახელმძღვ. სტუდ.] /
_cდავით ქათამაძე ; [რედ. როსტომ ბერიძე] ; შოთა რუსთაველის სახელმწ. უნ-ტის სოციალ. მეცნ., ბიზნესისა და სამართალმცოდნ. ფაკ., ეკონ. მეცნ. დეპარტამენტი.
264 _aთბილისი :
_bუნივერსალი,
_c2009
300 _a207 გვ.;
_b20 სმ.
504 _aბიბლიოგრ. ტექსტ. შენიშვნ. და გვ. 204-208.
653 _aსაერთაშორისო ბიზნესი
653 _aბიზნესის მენეჯმენტი
942 _cBK
_2udc